Wireless and mobile network architectures
Αποθηκεύτηκε σε:
| Κύριος συγγραφέας: | |
|---|---|
| Άλλοι συγγραφείς: | |
| Μορφή: | Βιβλίο |
| Γλώσσα: | English |
| Δημοσίευση: |
New York :
Wiley,
c2001
|
| Θέματα: | |
| Ετικέτες: |
Προσθήκη ετικέτας
Δεν υπάρχουν, Καταχωρήστε ετικέτα πρώτοι!
|
MARC
| LEADER | 00000nam a2200000 i 4500 | ||
|---|---|---|---|
| 001 | 1/20370 | ||
| 008 | 010803s2001 eng d | ||
| 020 | |a 0-471-39492-0 | ||
| 035 | |l 10067116 | ||
| 040 | |a GR-MY-UA |b gre |e aacr | ||
| 041 | 0 | |a eng | |
| 082 | 0 | |a 6213845 | |
| 100 | 1 | |a Lin, Jason Yi-Bing. | |
| 245 | 1 | 0 | |a Wireless and mobile network architectures / |c Yi-Bing Lin, and Imrich Chlamtac |
| 260 | |a New York : |b Wiley, |c c2001 | ||
| 300 | |a xxiii, 532 p.; |b ill.; |c 25 cm. | ||
| 504 | |a Includes bibliographical references (p. 501-518) and index | ||
| 650 | 0 | 0 | |a Wireless communication systems. |
| 650 | 0 | 0 | |a Mobile communication systems. |
| 650 | 0 | 0 | |a Personal communication service systems. |
| 650 | 0 | 0 | |a Telecommunication |x Switching systems. |
| 700 | 1 | |a Chlamtac, Imrich. | |
| 852 | |a INST |b SAMOS |e 20010803 |h 621.3845 LIN |p 005300020565 |q 005300020565 |t BK |y 0 | ||
| 901 | |a BIBL3-2001-2 | ||
| 909 | |a Σ |b 087136 | ||
| 922 | |a 3ΕΛΗ |b 200008 |c ΤΠΕΣ/ΠΟΛ |d LEADER | ||
| 970 | |a ΜΑΛΑΓΑΡΗ |b ΦΩΤΕΙΝΗ |z 2001/08/03 | ||